[Event "Soacha op-B"]
[Site "Soacha"]
[Date "2021.09.10"]
[Round "4"]
[White "Ramirez Beltran, Francisco Javier"]
[Black "Caceres Escobar, Pedro Luis"]
[Result "1/2-1/2"]
[WhiteElo "1859"]
[BlackElo "1610"]
[PlyCount "42"]
[EventDate "2021.09.08"]
[EventType "swiss"]
[EventRounds "9"]
[EventCountry "COL"]
[SourceTitle "CBM 204 Extra"]
[Source "ChessBase"]
[SourceDate "2021.11.30"]
[SourceVersion "1"]
[SourceVersionDate "2021.11.30"]
[SourceQuality "1"]

1. e4 c5 2. d4 cxd4 3. c3 dxc3 4. Nxc3 Nc6 5. Nf3 d6 6. h3 g6 7. Bc4 Nf6 8. 0-0 Bg7 9. Qe2 0-0 10. Rd1 Bd7 11. Bg5 Rc8 12. a3 a6 13. Rac1 b5 14. Ba2 Na5 15. e5 dxe5 16. Nxe5 Rc7 17. b4 Nc6 18. Bxf6 Bxf6 19. Rxd7 Rxd7 20. Nxc6 Qc7 21. Nxb5 axb5 1/2-1/2